[Event "Stavropol Region-ch"]
[Site "Kislovodsk"]
[Date "2011.09.16"]
[Round "7"]
[White "Voskanyan, Arman"]
[Black "Iordanian, Eduard"]
[Result "1/2-1/2"]
[WhiteElo "2143"]
[BlackElo "1899"]
[PlyCount "139"]
[EventDate "2011.09.09"]
[EventType "swiss"]
[EventRounds "9"]
[EventCountry "RUS"]
[SourceTitle "EXT 2022"]
[Source "ChessBase"]
[SourceDate "2021.10.06"]
[SourceVersion "1"]
[SourceVersionDate "2021.10.06"]
[SourceQuality "1"]

1. d4 Nf6 2. c4 e6 3. Nc3 Bb4 4. e3 c5 5. Nge2 b6 6. a3 Ba5 7. Qa4 Na6 8. Rb1 Bb7 9. b4 Bc6 10. b5 Be4 11. Rb2 Nb8 12. Bd2 Bd3 13. Nf4 Bxf1 14. Kxf1 d6 15. Qd1 Nbd7 16. Qf3 Rc8 17. d5 Ne5 18. Qe2 g5 19. Nh3 Bxc3 20. Bxc3 exd5 21. f4 Ne4 22. fxe5 Nxc3 23. Qd3 g4 24. Nf2 Ne4 25. Nxe4 dxe4 26. Qxe4 Qe7 27. Qxg4 Rd8 28. exd6 Qf6+ 29. Qf3 Qxd6 30. Qe4+ Kf8 31. Ke2 Rg8 32. g3 Rg6 33. Rf1 Rh6 34. Kf3 Re8 35. Qc2 Qe5 36. Rb3 Qh5+ 37. g4 Qh3+ 38. Ke2 Qxg4+ 39. Ke1 Rh3 40. Qf2 Re7 41. Rd3 Rd7 42. Kd2 Rxd3+ 43. Kxd3 Qd4+ 44. Kc2 Qxc4+ 45. Kd2 Qa2+ 46. Kd3 Qxa3+ 47. Kc4 Qb4+ 48. Kd5 Qb3+ 49. Kc6 Qe6+ 50. Kb7 Rxe3 51. Qf4 Qd7+ 52. Qc7 Qd5+ 53. Qc6 Re7+ 54. Kc8 Qe6+ 55. Kb8 Qd7 56. Qh6+ Ke8 57. Qc6 Re6 58. Qxd7+ Kxd7 59. Rxf7+ Re7 60. Rf6 Ke8 61. h4 Rf7 62. Rc6 Re7 63. Rf6 Rf7 64. Rc6 Kf8 65. h5 Re7 66. Ka8 Kf7 67. Kb8 Ke8 68. Rf6 Kd7 69. Kxa7 Re6 70. Rf7+ 1/2-1/2

[Event "Stavropol Region-ch"]
[Site "Kislovodsk"]
[Date "2011.09.10"]
[Round "?"]
[White "Voskanyan, Arman"]
[Black "Kondzhorian, Narine"]
[Result "1-0"]
[WhiteElo "2143"]
[BlackElo "1765"]
[PlyCount "133"]
[EventDate "2011.09.09"]
[EventType "swiss"]
[EventRounds "9"]
[EventCountry "RUS"]
[SourceTitle "EXT 2022"]
[Source "ChessBase"]
[SourceDate "2021.10.06"]
[SourceVersion "1"]
[SourceVersionDate "2021.10.06"]
[SourceQuality "1"]

1. d4 d5 2. c4 dxc4 3. Nf3 a6 4. a4 Nf6 5. Nc3 Bf5 6. Ne5 e6 7. f3 Bb4 8. Bg5 h6 9. Bxf6 gxf6 10. Nxc4 Bg6 11. Qb3 a5 12. Rd1 Nc6 13. e3 0-0 14. Be2 Qe7 15. 0-0 Rad8 16. f4 f5 17. Bf3 Nb8 18. Ne5 c6 19. Na2 Na6 20. Rf2 Bh7 21. Qc4 Ra8 22. Nxb4 Nxb4 23. Rfd2 Kh8 24. g3 f6 25. Nd3 Nd5 26. Re1 Nb4 27. Qc5 Rf7 28. Nxb4 Qxc5 29. dxc5 axb4 30. Bd1 Ra5 31. Bb3 Re7 32. Rd8+ Kg7 33. Rc1 Bg6 34. Rd4 e5 35. Rxb4 Bf7 36. Bd1 Rd7 37. Be2 Ra7 38. Kf2 Rd2 39. Ke1 Rd5 40. a5 Kg6 41. Ra4 Kg7 42. b4 Ra8 43. a6 bxa6 44. Rxa6 Rxa6 45. Bxa6 Rd8 46. b5 cxb5 47. c6 Be6 48. c7 Rd3 49. Ke2 Ra3 50. c8Q Bxc8 51. Bxc8 Ra2+ 52. Kd3 Kg6 53. Rc2 Ra3+ 54. Kd2 b4 55. Rb2 h5 56. Be6 Ra1 57. fxe5 Rh1 58. Kd3 fxe5 59. Rf2 f4 60. exf4 exf4 61. gxf4 Rd1+ 62. Kc4 Rb1 63. Kb5 b3 64. Kb4 b2 65. Kb3 Re1 66. f5+ Kf6 67. Kxb2 1-0

[Event "Kislovodsk Plaza op"]
[Site "Kislovodsk"]
[Date "2010.12.15"]
[Round "5"]
[White "Voskanyan, Arman"]
[Black "Polischuk, Vyacheslav"]
[Result "1-0"]
[WhiteElo "2186"]
[BlackElo "1794"]
[PlyCount "99"]
[EventDate "2010.12.11"]
[EventType "swiss"]
[EventRounds "9"]
[EventCountry "RUS"]
[SourceTitle "EXT 2013"]
[Source "ChessBase"]
[SourceDate "2012.11.22"]
[SourceVersion "1"]
[SourceVersionDate "2012.11.22"]
[SourceQuality "1"]

1. d4 f5 2. c4 Nf6 3. g3 g6 4. Bg2 Bg7 5. Nc3 c6 6. Nf3 d6 7. 0-0 0-0 8. d5 e5 9. e4 Na6 10. Bg5 h6 11. Bxf6 Qxf6 12. exf5 gxf5 13. Nh4 c5 14. a3 Bd7 15. Bh3 Rf7 16. Rb1 Rc8 17. Qe2 Nc7 18. Rbc1 Bf8 19. Rc2 Ne8 20. Qh5 Ng7 21. Qg6 Qg5 22. Qxg5 hxg5 23. Ng6 Kh7 24. Nxf8+ Rcxf8 25. f3 Nh5 26. b4 b6 27. bxc5 bxc5 28. Rb2 Kg6 29. a4 Nf6 30. Rfb1 Rh7 31. Bf1 e4 32. fxe4 Ng4 33. Re1 Ne5 34. exf5+ Bxf5 35. Rf2 Rfh8 36. Nb5 Ng4 37. Rxf5 Kxf5 38. Bd3+ Kf6 39. Re6+ Kg7 40. Re7+ Kg8 41. Bxh7+ Rxh7 42. Rxh7 Kxh7 43. Nxd6 Ne5 44. Kf2 Kg6 45. h4 gxh4 46. gxh4 Kh5 47. Kg3 Ng6 48. Nb7 Nxh4 49. d6 Nf5+ 50. Kf4 1-0

[Event "Kislovodsk Plaza op"]
[Site "Kislovodsk"]
[Date "2010.12.13"]
[Round "3"]
[White "Voskanyan, Arman"]
[Black "Popov, Andrey V"]
[Result "0-1"]
[WhiteElo "2186"]
[BlackElo "2054"]
[PlyCount "86"]
[EventDate "2010.12.11"]
[EventType "swiss"]
[EventRounds "9"]
[EventCountry "RUS"]
[SourceTitle "EXT 2013"]
[Source "ChessBase"]
[SourceDate "2012.11.22"]
[SourceVersion "1"]
[SourceVersionDate "2012.11.22"]
[SourceQuality "1"]

1. d4 d5 2. c4 c6 3. Nc3 Nf6 4. Nf3 a6 5. c5 Nbd7 6. Bf4 Nh5 7. e3 g6 8. b4 Bg7 9. Rc1 0-0 10. Be2 Re8 11. Ne5 Nxf4 12. exf4 f6 13. Nxd7 Bxd7 14. 0-0 Qc7 15. Qb3 e5 16. dxe5 fxe5 17. Bf3 Be6 18. Be2 Qf7 19. Nd1 Qxf4 20. Ne3 Red8 21. g3 Qf7 22. Bg4 Rf8 23. Bxe6 Qxe6 24. Kg2 e4 25. Rcd1 Qf7 26. Nc2 Qf3+ 27. Qxf3 Rxf3 28. Rfe1 Raf8 29. Re2 Bc3 30. Kg1 Bg7 31. Kg2 Rb8 32. a4 b5 33. a5 Rbf8 34. Kg1 Rb3 35. Re3 Rb2 36. Nd4 Bxd4 37. Rxd4 Rfxf2 38. h4 Rfd2 39. Rxd2 Rxd2 40. g4 Rb2 41. h5 Rxb4 42. Kf2 Rb2+ 43. Kg3 g5 0-1

[Event "Stavropol Region-ch"]
[Site "Kislovodsk"]
[Date "2010.09.18"]
[Round "1"]
[White "Voskanyan, Arman"]
[Black "Frolov, Andrei"]
[Result "0-1"]
[WhiteElo "2195"]
[BlackElo "2188"]
[PlyCount "84"]
[EventDate "2010.09.18"]
[EventType "swiss"]
[EventRounds "9"]
[EventCountry "RUS"]
[SourceTitle "EXT 2022"]
[Source "ChessBase"]
[SourceDate "2021.10.06"]
[SourceVersion "1"]
[SourceVersionDate "2021.10.06"]
[SourceQuality "1"]

1. d4 Nf6 2. c4 g6 3. Nc3 Bg7 4. e4 d6 5. f3 0-0 6. Be3 Nbd7 7. Nh3 c6 8. Be2 Qc7 9. Qd2 Re8 10. 0-0 e5 11. d5 Nc5 12. Nf2 a5 13. b3 cxd5 14. Nb5 Qd8 15. cxd5 b6 16. Rab1 Ba6 17. b4 axb4 18. Rxb4 Nh5 19. Rfb1 Nf4 20. Bf1 Rf8 21. g3 Nh5 22. Bg2 Bxb5 23. Rxb5 Ra6 24. Nd1 f5 25. Nc3 Nf6 26. Qe2 Ra3 27. Rc1 h5 28. Bg5 Kh7 29. Nb1 Ra5 30. Rxa5 bxa5 31. Nc3 Bh6 32. Qd2 Bxg5 33. Qxg5 Nd3 34. Rb1 Qc7 35. Nd1 fxe4 36. fxe4 Rf7 37. Qd2 Qc5+ 38. Kh1 Qd4 39. Qe3 Qxe3 40. Nxe3 Nf2+ 41. Kg1 N2xe4 42. Rb5 Ra7 0-1

[Event "Stavropol Region-ch"]
[Site "Kislovodsk"]
[Date "2009.10.09"]
[Round "7"]
[White "Voskanyan, Arman"]
[Black "Tekeyev, Zaur"]
[Result "1/2-1/2"]
[WhiteElo "2209"]
[BlackElo "2053"]
[PlyCount "51"]
[EventDate "2009.10.03"]
[EventType "swiss"]
[EventRounds "9"]
[EventCountry "RUS"]
[SourceTitle "EXT 2022"]
[Source "ChessBase"]
[SourceDate "2021.10.06"]
[SourceVersion "1"]
[SourceVersionDate "2021.10.06"]
[SourceQuality "1"]

1. d4 Nf6 2. c4 g6 3. Nc3 Bg7 4. e4 d6 5. f3 0-0 6. Be3 Nc6 7. Nge2 a6 8. Qd2 Rb8 9. a3 b5 10. cxb5 axb5 11. b4 Bd7 12. Rc1 Re8 13. h3 e5 14. d5 Nd4 15. Nxd4 exd4 16. Bxd4 c6 17. Be2 cxd5 18. exd5 Nh5 19. Bxg7 Qh4+ 20. Kd1 Kxg7 21. g4 Ng3 22. Rh2 Qf6 23. Bd3 Qxf3+ 24. Kc2 Rbc8 25. Rf2 Qxd5 26. Qf4 1/2-1/2

[Event "Kislovodsk Rating"]
[Site "Kislovodsk"]
[Date "2009.07.23"]
[Round "6"]
[White "Voskanyan, Arman"]
[Black "Karabashev, Sagit"]
[Result "1-0"]
[WhiteElo "2195"]
[BlackElo "2189"]
[PlyCount "125"]
[EventDate "2009.07.18"]
[EventType "tourn"]
[EventRounds "9"]
[EventCountry "RUS"]
[SourceTitle "EXT 2022"]
[Source "ChessBase"]
[SourceDate "2021.10.06"]
[SourceVersion "1"]
[SourceVersionDate "2021.10.06"]
[SourceQuality "1"]

1. d4 e6 2. c4 f5 3. Nc3 Nf6 4. Qc2 d5 5. Bg5 c6 6. e3 Be7 7. Bd3 Ne4 8. Bxe7 Qxe7 9. Nge2 0-0 10. f3 Nxc3 11. Qxc3 b6 12. 0-0 Bb7 13. b4 Nd7 14. f4 dxc4 15. Qxc4 Rac8 16. Ng3 Kh8 17. e4 g6 18. Rae1 Qf7 19. exf5 exf5 20. Qxf7 Rxf7 21. Bc4 Rg7 22. Re6 h5 23. Rfe1 Rc7 24. a3 Kh7 25. h4 b5 26. Bb3 Nb6 27. Nf1 Rcd7 28. Nd2 Rxd4 29. Nf3 Rxf4 30. Re7 Bc8 31. Re8 Rxf3 32. gxf3 f4 33. Be6 Bxe6 34. R8xe6 Nd5 35. Rxc6 Ne3 36. Kh2 Rd7 37. Rec1 Rd2+ 38. Kh1 Rf2 39. Rc8 Kg7 40. R8c7+ Kh6 41. Rxa7 Rxf3 42. a4 bxa4 43. b5 Rg3 44. Rc8 Rh3+ 45. Kg1 Rxh4 46. Rxa4 Rg4+ 47. Kf2 Rg2+ 48. Kf3 Kg5 49. Rc5+ Kh4 50. Rb4 Rg3+ 51. Ke4 Kg4 52. b6 Nf5 53. Ke5 Re3+ 54. Kf6 Re8 55. Kxg6 Rg8+ 56. Kf7 Rg7+ 57. Kf6 Rg8 58. Rxf5 Rf8+ 59. Ke7 Rxf5 60. b7 Re5+ 61. Kd7 Rd5+ 62. Kc7 Rc5+ 63. Kd6 1-0

[Event "Kislovodsk Rating"]
[Site "Kislovodsk"]
[Date "2009.07.22"]
[Round "5"]
[White "Bazalij, Vladimir"]
[Black "Voskanyan, Arman"]
[Result "1/2-1/2"]
[WhiteElo "2292"]
[BlackElo "2195"]
[PlyCount "142"]
[EventDate "2009.07.18"]
[EventType "tourn"]
[EventRounds "9"]
[EventCountry "RUS"]
[SourceTitle "EXT 2022"]
[Source "ChessBase"]
[SourceDate "2021.10.06"]
[SourceVersion "1"]
[SourceVersionDate "2021.10.06"]
[SourceQuality "1"]

1. d4 d5 2. c4 e6 3. Nf3 Nf6 4. Nc3 c6 5. Bg5 Nbd7 6. e3 Qa5 7. Bxf6 Nxf6 8. Qc2 Bb4 9. Nd2 0-0 10. Bd3 dxc4 11. Nxc4 Qg5 12. 0-0 h5 13. f4 Qh6 14. a3 Be7 15. Rae1 c5 16. dxc5 Bxc5 17. b4 Be7 18. e4 Bd7 19. e5 Ne8 20. Be4 Rc8 21. Qd3 Bc6 22. Bxc6 bxc6 23. Ne4 Qg6 24. Qd4 Rc7 25. Re3 h4 26. Rc3 f6 27. f5 exf5 28. Nc5 fxe5 29. Nxe5 Qd6 30. Qxd6 Bxd6 31. Ng6 Rf6 32. Nxh4 g6 33. Na6 Re7 34. g3 Be5 35. Rd3 Nd6 36. Nf3 Bb2 37. Rfd1 Nc4 38. a4 Rfe6 39. Nc5 Re2 40. Rd7 Bf6 41. Rxe7 Rxe7 42. Rd8+ Kg7 43. Rc8 a5 44. b5 cxb5 45. axb5 g5 46. h3 g4 47. hxg4 fxg4 48. Nh4 Bd4+ 49. Kg2 Nd6 50. Rc6 Bxc5 51. Rxc5 Re2+ 52. Kf1 Rb2 53. Rg5+ Kf7 54. Rxg4 Rxb5 55. Ra4 Nf5 56. Nxf5 Rxf5+ 57. Kg2 Kg6 58. Rc4 Rb5 59. Rc8 Rb4 60. Kh3 Rb1 61. Rc6+ Kg7 62. Ra6 Ra1 63. Kg4 a4 64. Kg5 Rg1 65. Ra7+ Kf8 66. g4 Rb1 67. Rxa4 Rb6 68. Ra7 Kg8 69. Kh5 Rc6 70. g5 Rb6 71. g6 Rb1 1/2-1/2